[Event "Hoogovens"]
[Site "Wijk aan Zee"]
[Date "1998.01.21"]
[Round "5"]
[White "Shirov, Alexei"]
[Black "Kramnik, Vladimir"]
[Result "1-0"]
[WhiteElo "2710"]
[BlackElo "2790"]
[Annotator "Shirov,A"]
[PlyCount "103"]
[EventDate "1998.01.16"]
[EventType "tourn"]
[EventRounds "13"]
[EventCountry "NED"]
[EventCategory "17"]
[SourceTitle "CBM 063"]
[Source "ChessBase"]
[SourceDate "1998.03.26"]
[SourceVersion "1"]
[SourceVersionDate "1998.03.26"]
[SourceQuality "1"]

1. e4 {Hecht Hansen,Cu Stohl} c5 2. Nf3 Nc6 3. d4 cxd4 4. Nxd4 Nf6 5. Nc3 d6 6.
Bg5 e6 7. Qd2 a6 ({Stohl: Earlier Kramnik used to play} 7... Be7 8. O-O-O O-O
9. f4 Nxd4 10. Qxd4 Qa5 11. Bc4 Bd7 {but currently he prefers the text
alternative.}) 8. O-O-O h6 9. Be3 (9. Bf4 {Stohl} Bd7 10. Nxc6 Bxc6 11. f3 d5
12. Qe1 Bb4 13. a3 Ba5 14. Bd2 Rc8 $1 15. Qg3 d4 16. Be3 Bc7 17. f4 Nh5 18. Qg4
Qf6 19. Rxd4 Bxf4 20. Bxf4 Qxf4+ 21. Qxf4 Nxf4 22. g3 Ng6 23. Kd2 Ne5 24. Be2
Ke7 $15 {Karpov,An-Salov,V/Buenos Aires Sicilian 1994}) 9... Be7 10. f3 ({
Stohl: More aggresive and popular is} 10. f4 {Stohl} Nxd4 (10... Qc7 $5 11. Bd3
b5 $13) 11. Bxd4 b5 12. Kb1 $1 (12. Bd3 b4 $5 13. Na4 Rb8 14. e5 dxe5 15. Bxe5
Bd7 $1 $132) 12... Bb7 13. Bd3 O-O (13... b4 $5 $132) 14. e5 dxe5 15. fxe5 Nd7
16. Ne4 Bxe4 17. Bxe4 Rb8 $1 18. c3 $1 (18. Ba7 Nxe5 19. Qc3 Bd6 20. Qd4 Bc7
21. Qc5 Qc8 22. Rhe1 Nc4 23. Bxb8 Qxb8 24. g3 Be5 25. c3 Rc8 26. Qe7 b4 27.
Qxb4 Qc7 28. Qb7 Na3+ 29. Kc1 Bf4+ $1 30. gxf4 Qxf4+ 31. Rd2 Rd8 32. Red1 Rxd2
33. Rxd2 Qf1+ 34. Rd1 Qf4+ {1/2,Shirov,A-Kramnik,V/Linares 1997}) 18... Qc7 19.
Bc2 Rfd8 20. Qf4 Nf8 21. Rhf1 Bg5 22. Qf2 Rd7 23. Bc5 Rc8 24. Bd6 $40 {
Kasparov,G-Kramnik,V/Novgorod 1997}) 10... Nxd4 11. Bxd4 e5 $5 {Stohl:
Strategically very committal. Hansen,Cu: It is remarkable that Kramnik avoids
the main line which goes on with:} (11... b5 $142 $5 {Stohl} 12. Kb1 (12. h4 {
Hansen,Cu} Qa5 {As far as I know this line has given black quite reasonable
results.}) 12... Rb8 13. Qe3 $6 (13. Ba7 $5 Rb7 14. Be3) 13... b4 14. Na4 Qc7
15. b3 O-O 16. Bd3 e5 17. Bb2 Bd7 18. Bxa6 Ra8 19. Qe2 Bxa4 20. bxa4 Nd7 21.
Qc4 Nc5 22. Bb5 Qa5 23. c3 bxc3 24. Bxc3 Qa7 25. Rc1 Nxa4 26. Qxa4 Qxa4 27.
Bxa4 Rxa4 28. Rc2 f5 {1/2,Kasparov,G-Kramnik,V/Moscow PCA act 1996}) 12. Be3 (
12. Bf2 {Stohl} Be6 13. Bh4 Qa5 14. Bxf6 Bxf6 15. Kb1 Rc8 16. Nd5 Qxd2 17. Rxd2
Bg5 {1/2,Leko,P-Kramnik,V/Vienna 1996}) 12... Be6 13. Kb1 (13. g4 {Stohl} Qa5
14. a3 Rc8 $1 (14... b5 15. h4 b4 16. Nd5 Bxd5 17. exd5 Rb8 18. Kb1 Bd8 $6 19.
axb4 Rxb4 20. Qc3 O-O 21. Bd2 Ra4 22. b4 Qc7 23. Kb2 $1 Nxd5 24. Qxc7 Bxc7 25.
Kb3 Nb6 26. Be3 a5 27. c3 axb4 28. Bxb6 {1-0,Shirov,A-Lutz,C/Munich 1993}) 15.
Kb1 $142 $14 (15. h4 $2 Rxc3 $1 16. Qxc3 Qxc3 17. bxc3 d5 $36)) 13... Rc8 14.
h4 $5 {Hansen,Cu: Black has to think about where to place his K. If he castles
king-side white might get a strong attack with g4-g5. And if there is no
attack the chasing of Nf6 to a less good square could well give white complete
control over d5.} Qa5 {/\15..Rxc3 16.Qxc3 Qxa2+ 17.Kc1 0-0 ~/=} 15. a3 {
/\g4,Be2,g5,><d5} (15. Nd5 {Stohl} Qxd2 16. Rxd2 (16. Nxf6+ gxf6 $1 17. Rxd2 f5
$10) 16... Nxd5 17. exd5 Bd7 {[%cal Yf7f5] /\f5<=>}) 15... b5 $1 $146 (15...
Rxc3 16. Qxc3 Qxc3 17. bxc3 d5 18. exd5 (18. Bd3 Bxa3 $44) (18. Kb2 dxe4 $15)
18... Nxd5 19. Bd2 $16 Bxa3 {Stohl} (19... O-O 20. Bc4 Nxc3+ 21. Bxc3 Bxc4 22.
Bxe5 $16) 20. Bc4 $36 {/\} Ne3 $6 (20... O-O 21. Bxd5 Bxd5 22. Bc1 $1 $16) (
20... Nxc3+ 21. Bxc3 Bxc4 22. Bxe5 $16) 21. Bxe6 $1 Nxd1 22. Bd5 Nf2 23. Re1 $1
$16 {[%csl Re5][%cal Re1e5,Rd2e3] /\Be3,Re5,פf2}) (15... O-O $2 {Stohl} 16.
Nd5 $16) 16. g4 $5 (16. Nd5 Qxd2 17. Rxd2 (17. Nxf6+ gxf6 18. Rxd2 f5 $15)
17... Nxd5 18. exd5 Bd7 $11) 16... Rxc3 {Stohl: This sacrifice represents a
radical solution. Hansen,Cu: In principle white did not yet threaten 16. g5
because of 16. - hxg5 17.hxg5? Rxh1. But black has no way to improve his
position before the positionally necessary exchange-sacrifice. In fact one
could ask if black did not play the exchange-sac one move to late. If black
had played without b7-b5, white in the game continuation could not have
exchanged his weak c3-P with c3-c4 which could well improve blacks chances
considerably.} (16... b4 $143 {Stohl} 17. Nd5 Bxd5 18. exd5 Qa4 19. Qxb4 $1
Qxc2+ 20. Ka2 O-O 21. Bxa6 Rb8 22. Rd2 Qc7 23. Qc3 Qd8 24. Rc1 $16 {De la
Villa Garcia,J-Ubilava,E/Leon 1994}) (16... Nd7 $6 {Stohl} 17. Nd5 $16 {
[%csl Ra6,Rb5] _|_׫}) ({Interesting is} 16... Rb8 $5 {[%cal Rb5b4] Stohl /\b4}
17. Nd5 Qxd2 18. Nxf6+ Bxf6 19. Rxd2 Be7 20. Be2 Bc4 21. h5 Kd7 22. Rhd1 Rhc8
23. Bxc4 bxc4 24. Rd5 Rb5 25. a4 Rxd5 26. Rxd5 Kc6 27. b3 Bg5 28. Bxg5 hxg5 29.
bxc4 Kd7 $11 {Hartman,C-Murugan,K/Wrexham 1996/1/2 (43)}) 17. Qxc3 Qxc3 18.
bxc3 d5 {Hansen,Cu: Blacks has solved a number of his problems. He has
regained control over d5. His problem with finding a safe place for his K is
solved because the Qs have been exchanged. The question is whether whites
weakened P-structure is enough compensation for the exchange.} 19. exd5 (19. g5
$2 hxg5 20. hxg5 Rxh1 21. gxf6 Rxf1 $1 22. Rxf1 Bxf6) 19... Nxd5 20. Bd2 O-O (
20... e4 21. fxe4 Bxg4 22. Re1 Nb6 23. Be3 $16) (20... Nb6 21. Re1 (21. c4 $5
Nxc4 22. Bxc4 Bxc4 23. Bb4 {Anand}) (21. Re1 $1 {Stohl} f6 (21... Bxa3 22. Rxe5
O-O 23. g5 $16) 22. f4 Bxg4 23. fxe5 f5 24. Be3 $16) (21. Bc1 O-O {[%cal Yb6a4,
Yf8c8] /\Na4,Rc8|^})) (20... Bxa3 $142 $5 {Stohl} 21. c4 (21. Re1 $143 O-O $5
22. Rxe5 Rc8 $13) 21... bxc4 22. Bxc4 Ne3 $1 (22... O-O $6 {-20...0-0}) 23.
Bxe3 (23. Bxe6 Nxd1 24. Bb3 Nf2 $13 {Compared to the line above,Black's N can
go to h3 later on.}) 23... Bxc4 24. Bc1 $5 $14 {White is better, but his
technical task is much more difficult, than in the game.}) 21. c4 {Exchanging
whites weakest P} bxc4 22. Bxc4 Rb8+ {Hansen,Cu: This move was criticised by
Kramnik after the game. However I don't see any improvement.} (22... Nc3+ 23.
Bxc3 Bxc4 24. Bxe5 $16) (22... Bxa3 23. Bxd5 (23. Rhe1 $6 {Stohl} Rc8 24. Bb3
Nc3+ $5 25. Bxc3 Bxb3 $14) 23... Bxd5 24. Bb4 $1 $14) 23. Bb3 (23. Ka2 $143 $6
{Stohl} Ne3 $5 24. Bxe3 (24. Bxe6 Nxd1 25. Bb3 Nf2 $132) 24... Bxc4+ 25. Ka1
Bxa3 $14) 23... Bxa3 24. Rhe1 f6 (24... Bd6 {Stohl} 25. Ka2 $5) 25. Re4 $5 (25.
Ka2 Bf8 (25... Bc5 $5 26. Ba5 Nf4 $14) 26. Re3 Kf7 27. Rd3 Rb5 $14) 25... Bc5
26. Ra4 Nc7 27. Kb2 $3 (27. Ka2 Bxb3+ 28. cxb3 Rd8 $44) (27. Ka2 $5 $16 {
Stohl leads to the exchange of B and was probably even better.}) 27... Kh7 (
27... Bxb3 28. cxb3 Rd8 29. Kc2 Nb5 30. Be1 Nd4+ 31. Kb2 $16) (27... Kf8 $142
$5 {Stohl}) 28. Be1 $1 Bd5 (28... Bxb3 29. cxb3 Bd4+ 30. Bc3) 29. Rd3 {/\Ba5
Stohl: White has developed his R and consolidated his position, therefore
Kramnik decides to change the material balance in this endgame again.} Bc6 30.
Rc4 $1 (30. Ra1 $2 {Stohl} Bb5 $36) 30... Ne6 31. Bf2 $1 Bb5 $2 {Hansen,Cu:
This seems a very strange decision to me. I think black could have tried:} (
31... Bxf2 32. Rxc6 Nc5 (32... Nd4 {Hansen,Cu} 33. Rxa6 Bxh4 {+/-/+/=}) 33. Rd5
$16 (33. Rd5 {Stohl} Rb5 34. Ka3 $5 $16)) 32. Rxc5 Nxc5 (32... Bxd3 {Stohl} 33.
cxd3 {-32...Nc5} (33. Rc6 $2 Nf4 $1 $17)) 33. Bxc5 Bxd3 34. cxd3 {/\h5 Stohl:
White's active ^^ and Black's inactive K give White very good winning chances.
His first task is to liquidate the a-pawn. [#] Hecht:  Deutlicher weißer
Vorteil mit zwei Läufern gegen Turm + Bauer Die Kommentare gehen auf A.Shirov
zurück. Ich habe eine Endspielmedaille vergeben: Grund: Materialverteilung
sowie eine gute startegische wie taktische Leistung zweier Weltklassespieler.}
h5 35. Kc3 Rc8 $138 (35... hxg4 $142 36. fxg4 g6) (35... g5 $2 {Stohl} 36. hxg5
h4 37. gxf6 Rc8 (37... h3 38. Bg1) 38. Kb4 Rxc5 39. Kxc5 h3 40. Bd5 $18) (35...
Kg6 $142 $5 $16 {Stohl}) 36. Kb4 Rb8+ (36... a5+ {Stohl} 37. Kb5 Rb8+ 38. Ka4 {
[%cal Rb3e6,Ra4a5] /\Be6,Ka5+-}) 37. Ka4 Kg6 $2 (37... hxg4 38. fxg4 g6 $16)
38. Be6 $1 $18 {Hansen,Cu: /\ 39. Bf5+ + 40. gxh5. At this point it becomes
clear that whites bishops will have strong enough squares to keep the K-side
intact while white can play actively with his K} Rh8 39. Bf2 Kh6 (39... Re8 {
Stohl} 40. Bf5+ Kh6 41. g5+ $1 fxg5 42. Be3 g6 43. Bxg5+ Kg7 44. Be4 $18 {
[%csl Ra6,Re5,Rg6,Rh5] ק}) 40. Ka5 hxg4 (40... g5 {Stohl} 41. Be3 $1 $18 {
keeps Black's K in his box.}) 41. fxg4 g6 {Hecht: zu spät!} (41... Ra8 {Stohl}
42. Be3+ Kh7 43. h5 {[%cal Ye6f5,Yf5e4] /\Bf5-e4+-}) 42. g5+ $1 (42. Kxa6 {
Stohl} Rd8 43. Bc4 (43. Be3+ $143 $6 Kg7 44. Bc4 f5) 43... f5 44. g5+ Kh5 45.
d4 $1 Rxd4 46. Be2+ Rg4 47. Kb5 f4 48. Bxg4+ Kxg4 49. Kc4 e4 50. Be1 $18) 42...
Kg7 (42... fxg5 43. Be3 $18) 43. Kxa6 $1 (43. d4 $2 exd4 $1 44. Bxd4 (44. gxf6+
Kxf6 45. Bxd4+ Kxe6 46. Bxh8 Kf5 $11) 44... Rxh4 45. gxf6+ (45. Bxf6+ Kh7 $11)
45... Kh7 46. Bc5 Rf4 47. Be7 g5 $11) 43... Rd8 (43... fxg5 44. hxg5 Rh2 (44...
Rh5 {Stohl} 45. Be3 $18 {[%cal Ya6d6,Ye6d5,Yd5e4] /\Kb6-c6-d6,Bd5-e4}) 45. Bc5
Rd2 46. Bc4 $18) 44. Bc4 f5 45. Kb7 e4 46. d4 $3 {[#] Hecht:  Der weiße
Freibauer ist bei den starken Läufern mehr wert als die verbundenen Freibauern.
} (46. Kc7 Ra8 $132) (46. Bb6 Re8 $132) (46. dxe4 $143 $6 {Stohl} fxe4 {o^e<=>}
) 46... f4 47. d5 e3 48. Be1 f3 49. Kc7 $1 Rf8 (49... Rxd5 {Stohl} 50. Bxd5 f2
51. Bc3+ Kh7 52. Bc4 $18) 50. d6 Rf4 (50... f2 {Stohl} 51. Bc3+ {[%cal Rd6d7] /
\d7}) (50... e2 {Stohl} 51. d7 f2 52. Bxf2 Rxf2 53. d8=Q {[%cal Rd8g8] /\Qg8#})
51. Bc3+ Kh7 (51... Kf8 52. d7 Rxc4+ 53. Kd6 $18 (53. Kd6 {Hecht} Rxc3 54.
d8=Q+ Kg7 55. Qf6+ $18)) 52. Bd3 1-0

[Event "Hoogovens"]
[Site "Wijk aan Zee"]
[Date "1998.01.26"]
[Round "9"]
[White "Anand, Viswanathan"]
[Black "Kramnik, Vladimir"]
[Result "1/2-1/2"]
[WhiteElo "2770"]
[BlackElo "2790"]
[Annotator "Kramnik,V"]
[PlyCount "59"]
[EventDate "1998.01.16"]
[EventType "tourn"]
[EventRounds "13"]
[EventCountry "NED"]
[EventCategory "17"]
[SourceTitle "CBM 063"]
[Source "ChessBase"]
[SourceDate "1998.03.26"]
[SourceVersion "1"]
[SourceVersionDate "1998.03.26"]
[SourceQuality "1"]

1. e4 c5 2. Nf3 Nc6 3. d4 cxd4 4. Nxd4 Nf6 5. Nc3 e5 6. Ndb5 d6 7. Bg5 a6 8.
Na3 b5 9. Bxf6 (9. Nd5 Be7 10. Bxf6 Bxf6 11. c3 O-O 12. Nc2 Bg5 13. a4 bxa4 14.
Rxa4 a5 15. Bc4 Rb8 16. b3 Kh8 17. O-O g6 18. Kh1 Bh6 19. Qe2 Bd7 20. Raa1 f5
21. exf5 gxf5 22. f4 Bg7 23. Rad1 Ne7 $11 {Polgar,J-Kramnik,V/Wijk aan Zee
1998/46/0-1/ [Khalifman]}) 9... gxf6 10. Nd5 Bg7 11. Bd3 (11. c3) 11... Ne7 12.
Nxe7 Qxe7 13. O-O O-O 14. Qf3 $5 (14. c3) (14. c4) 14... f5 15. exf5 d5 (15...
Bb7 16. Be4 d5 17. Bxd5 e4 18. f6 Bxf6 19. Qg3+ Bg7 20. Bxb7 Qxb7 21. c3 $14)
16. Qxd5 Bb7 17. Qb3 e4 (17... Rfd8 18. Rfd1 Rd4 19. Bf1 Rb4 20. Rd7 $1 $16) (
17... Qg5 18. f3 $16) 18. Be2 Qg5 $8 (18... Qe5 19. Nc4 $1 $16) (18... Qf6 19.
c3 Qxf5 20. Nc2 $16) (18... Rad8 19. Rad1 Qg5 20. Nc4 $1 $16) 19. Rad1 $1 (19.
Nc4 e3 $3 20. Nxe3 (20. f3 $2 Bd5 21. Qxe3 Qxe3+ 22. Nxe3 Bd4 23. Kf2 Rfe8 $19)
20... Rae8 21. h4 (21. g3 Bd4 22. h4 $8 Qh6 23. Rad1 Bxe3 24. fxe3 Rxe3 25. Rd6
Rxe2 (25... Rxb3 $1 26. Rxh6 Rxg3+ 27. Kf2 Rg2+ 28. Ke1 f6 $1 $19 {צh6}) 26.
Rxh6 Rg2+ 27. Kh1 Rf2+ 28. Kg1 Rg2+ $11 {Anand}) 21... Qxh4 22. Rfe1 (22. Rfd1
Bh6 $1) 22... Bd4 $40 (22... Re4 {/\23... Rb4} 23. g3 $2 Qh1+ $3 24. Kxh1 Rh4+
25. Kg1 Rh1#) 23. Bf1 Be5 $1) 19... e3 20. f3 (20. g3 $2 Rae8 21. Nc4 exf2+ 22.
Rxf2 Rxe2 $1 23. Rxe2 Qg4) 20... Be5 (20... Kh8 21. Nc4) (20... Rad8 21. Nc4) (
20... Qxf5 21. c4 $1) 21. Nc4 $1 (21. Qb4 Kh8 $40) 21... Bf4 (21... bxc4 $2 22.
Qxb7 Qh4 23. f4 Bxf4 24. g3 $18) 22. Rd4 $8 (22. Nd6 $2 Qh6) 22... Bd5 {!!?} (
22... Rad8 $142 $1 23. Rfd1 Bd5 $1 24. Rxd5 (24. Rxf4 Qxf4 25. Qxe3 Qxf5 $15)
24... Rxd5 25. Rxd5 Qh4 26. Nxe3 (26. g3 Bxg3 27. Qxe3 Qxh2+ 28. Kf1 Qh3+)
26... Qxh2+ 27. Kf1 Qh1+ 28. Kf2 Qh4+ $11 29. g3 $4 Bxg3+ $19) 23. Rxf4 (23.
Rxd5 Qh4 24. g3 Bxg3 25. hxg3 Qxg3+ 26. Kh1 Qh3+ 27. Kg1 Kh8 $5 28. Qc3+ f6 29.
Nxe3 Rg8+ 30. Ng4 Qg3+ 31. Kh1 Qh3+ $11) (23. g3 Bxc4 24. Bxc4 bxc4 25. Qxc4 e2
$1 $19) 23... Qxf4 (23... Bxc4 $2 24. Qxe3 $1 Rfe8 25. Qc1 $18) 24. Qxe3 Qxf5 (
24... Qxe3+ 25. Nxe3 $16) 25. Bd3 Qf6 (25... Qe6 26. Qg5+ $1 Kh8 27. Qh4 $16 f5
28. Qd4+ Kg8 29. Ne3 $1 Rad8 30. Nxf5 $1) 26. Nb6 Rad8 27. Nxd5 Rxd5 28. Qe4
Qd4+ (28... Rh5 $6) 29. Qxd4 Rxd4 30. Re1 $14 1/2-1/2

[Event "Hoogovens"]
[Site "Wijk aan Zee"]
[Date "1998.01.29"]
[Round "11"]
[White "Polgar, Judit"]
[Black "Kramnik, Vladimir"]
[Result "0-1"]
[WhiteElo "2670"]
[BlackElo "2790"]
[Annotator "Khalifman,A"]
[PlyCount "92"]
[EventDate "1998.01.16"]
[EventType "tourn"]
[EventRounds "13"]
[EventCountry "NED"]
[EventCategory "17"]
[SourceTitle "CBM 063"]
[Source "ChessBase"]
[SourceDate "1998.03.26"]
[SourceVersion "1"]
[SourceVersionDate "1998.03.26"]
[SourceQuality "1"]

1. e4 {Hecht Baburin} c5 2. Nf3 Nc6 3. d4 cxd4 4. Nxd4 Nf6 5. Nc3 e5 6. Ndb5 d6
7. Bg5 a6 8. Na3 b5 9. Nd5 Be7 10. Bxf6 Bxf6 11. c3 O-O 12. Nc2 Bg5 13. a4 bxa4
14. Rxa4 a5 15. Bc4 Rb8 16. b3 Kh8 17. O-O g6 18. Kh1 (18. Qd3 Bd7 19. Raa1 f5
20. Rfd1 Bh6 21. Nde3 Rf6 22. f3 Ne7 23. Kh1 Bf4 {Shirov,A-Kramnik,V/Monaco
blind 1995/EXP 46/1-0 (54)} (23... Bf4 {Baburin} 24. b4 a4 25. Nd5 Nxd5 26.
Bxd5 Qf8 27. g3 Bg5 28. c4 f4 29. g4 h5 30. gxh5 Qh6 31. b5 Qxh5 32. Rxa4 Bh4
33. Rda1)) 18... Bh6 19. Qe2 Bd7 {Baburin: With many pieces on the board it's
usually a lot easier for Black to deal with White's knight on d5 in the
Sicilian Defence. That knight is not doing much right now, while Black's
pieces are moving 'around' it.} 20. Raa1 (20. Ra2 f5 21. exf5 gxf5 22. f4 Bg7 {
1/2-1/2 Dani,P-Kocsis,G/Zalakaros op 1996/EXP 52 (43)}) 20... f5 {Challenging
White's control in the centre.} 21. exf5 gxf5 22. f4 Bg7 23. Rad1 Ne7 24. Nce3
Ng6 25. Qh5 Qe8 26. fxe5 Qxe5 27. Be2 f4 28. Nc4 Qxh5 29. Bxh5 Bb5 {Ich
vermute, daß sich beide Spieler hier schon in Zeitnot befinden. In Zeitnot
entscheiden die besseren Nerven, und die hatte hier Kramnik.} 30. Bxg6 hxg6 31.
Rf3 (31. Ne7 $5 Kh7 32. Rxd6 Bxc4 33. bxc4 g5 34. Rd5) (31. Rxf4 $2 {Baburin}
Rxf4 32. Nxf4 Bxc4 33. bxc4 Bxc3 $19) 31... Be5 (31... Bxc4 $5 32. bxc4 g5) 32.
Nxe5 dxe5 33. c4 Bc6 34. Re1 Rfe8 35. g3 g5 36. gxf4 exf4 37. Rxe8+ Rxe8 {
[#] Hecht: Hauptmotiv: Fesselung} 38. h4 (38. Kg1 $1 {Hecht}) 38... a4 39. bxa4
$2 {Erst danach kommt Schwarz in Vorteil.} (39. hxg5 $142 a3 {Baburin} 40. Rf2
f3 (40... Rb8 {Hecht} 41. Ra2 Rxb3 42. Ra1 $13) 41. Nb4 Re2 42. Kg1 Rb2 $19)
39... Re4 40. Kg1 (40. Rc3 {Hecht} Rxc4 41. Rxc4 Bxd5+ 42. Kg1 Bxc4 43. hxg5
Kg7 44. Kf2 Bd5 $19) 40... Rxc4 41. Rd3 g4 $19 42. a5 g3 43. Rd1 f3 44. Ne7 f2+
45. Kf1 Bb5 46. Kg2 Rc2 0-1

[Event "Hoogovens"]
[Site "Wijk aan Zee"]
[Date "1998.01.30"]
[Round "12"]
[White "Kramnik, Vladimir"]
[Black "Van der Sterren, Paul"]
[Result "1-0"]
[WhiteElo "2790"]
[BlackElo "2550"]
[Annotator "Khalifman,A"]
[PlyCount "63"]
[EventDate "1998.01.16"]
[EventType "tourn"]
[EventRounds "13"]
[EventCountry "NED"]
[EventCategory "17"]
[SourceTitle "CBM 063"]
[Source "ChessBase"]
[SourceDate "1998.03.26"]
[SourceVersion "1"]
[SourceVersionDate "1998.03.26"]
[SourceQuality "1"]

1. Nf3 {Hansen,Cu} Nf6 2. c4 e6 3. Nc3 d5 4. d4 c5 5. cxd5 Nxd5 6. e4 Nxc3 7.
bxc3 cxd4 8. cxd4 Bb4+ 9. Bd2 Bxd2+ 10. Qxd2 O-O 11. Rd1 {Hansen,Cu: A new
setup in this variantion, though whether it is actually better than the main
line 11.Bc4 is not yet clear. The idea is to overprotect d4, and make it
possible to place the Bf1 on d3. That would not be so good to do at this
moment:} (11. Rc1 Nc6 12. Bb5 Bd7 13. O-O Ne7 14. Qb4 Qb6 15. a4 Nc6 16. Qc5
Qxc5 17. Rxc5 a6 18. Be2 Rac8 19. Rfc1 f6 $10 {Pomar Salamanca,A-Kortschnoj,V/
Palma de Mallorca/1969/}) (11. Bd3 $6 {Hansen,Cu} Nc6 {[%csl Rd4]}) 11... b6 {
Ich glaube dieser Aufbau ist nicht gut für Schwarz. Logischer sieht 11...Nc6
aus.} (11... Nc6 {0-1 Azmaiparashvili,Z-Jussupow,A/Groningen 1994/CBM 45/
[Ftacnik] (26)}) 12. h4 Bb7 (12... Ba6 13. Bxa6 Nxa6 14. Qd3 Nb4 15. Qb1 Qe7
16. O-O h6 17. d5 exd5 18. exd5 Qc5 19. d6 Rad8 20. d7 Na6 21. Rfe1 Nb8 22. Ne5
a6 23. Qf5 Qa5 24. h5 $16 {Aleksandrov,A-Akhmadeev,V/Kstovo op/1994/}) 13. Bd3
Nc6 14. Bb1 Qd6 (14... Qe7 15. O-O Rad8 16. Qf4 Qf6 17. Qc7 Qe7 18. Qg3 Qd6 19.
e5 Qe7 20. Rfe1 Rfe8 21. Ng5 g6 22. d5 Rxd5 23. Rxd5 exd5 24. e6 f6 25. Nh3 Qg7
26. Bd3 {1-0 Aleksandrov,A-Lima,D/New York op 1997/EXP 57}) 15. O-O {Hansen,Cu:
Whites setup is flexible. Depending on blacks response he could have played
something like h4-h5 and Rh1-h3-g3. But also in connection with 0-0 the move
h2-h4 is useful.} Rad8 16. Qg5 e5 {Hansen,Cu: Positionally it is normally not
such a bad idea to place your own Ps on black squares when you have a
whitesquared B. However in this game Bb7 is restricted seriously by the white
P-chain e4-d5.} (16... h6 $142 {Hansen,Cu}) 17. d5 $16 f6 18. Qg3 Ne7 {/\Ba6<=>
} 19. Bd3 {Hansen,Cu: This B does not do a lot of good on b1 after the center
has been blocked with e5-e5/d4-d5. In the /^ f1-a6 it stops blacks Bb7 from
finding a good place on a6. What white is basically doing now is shifting his
forces from the K-side to the Q-side.} Ng6 {Hansen,Cu: In the game this N is
quite useless at f4. It would have made some sense to try and put it on d6.
But then again black also has to think of a white manouvre like h4-h5 and
Nf3-h4-f5. That is prevented by the textmove.} (19... Bc8 $5 {Hansen,Cu /
\Bc8-d7,Ne7-c8,Qd6-e7,Nc8-d6}) 20. Rfe1 Nf4 21. Bf1 {Schwarz wird positionell
überspielt.} Rc8 (21... Qa3 $5 {Hansen,Cu /\Qxa2//\Ba6}) 22. Nd2 Kh8 23. Qb3
Rc5 24. g3 Ng6 25. Nc4 Qd7 26. Qa3 {Hansen,Cu: With this strong move white
ties one of blacks rooks to the defence of the a7-P. This means black will
have problems opposing white in the <->c} Ra8 27. Rc1 h6 28. Ne3 Ra5 (28...
Rxc1 {Hansen,Cu} 29. Rxc1 {[%cal Yg1h2,Yf1h3,Yc1c8,Yh3c8] /\Kh2 + Bh3}) 29. Qb2
Ne7 30. Kh2 Qd8 (30... Rc8 {Hansen,Cu} 31. Bh3 $16) 31. Nc4 Rc5 32. Nxe5 (32.
Nxe5 Bxd5 {Hansen,Cu} (32... Rxc1 33. Nf7+ Kg8 34. Nxd8 Rxe1 35. Nxb7 Rxf1 36.
Kg2 (36. d6 Nc6 37. Kg2 Re1 38. Qd2 $18) 36... Rd1 37. d6 Z0 38. Qb3+ $140) (
32... fxe5 33. Rxc5 bxc5 34. Qxb7 $18) 33. exd5 fxe5 (33... Rxc1 34. Nf7+ Kg8
35. Nxd8 Rxe1 36. d6 Rxd8 37. Qb4 $1 Re5 38. dxe7 Re8 39. Bc4+ $18) 34. Rxc5
bxc5 35. Qxe5 $18) 1-0